000 00716nam a22002057a 4500
999 _c26230
_d26230
005 20190228141154.0
010 _aB-285032, B-218009, B-218005
020 _a0143027646
_c350.00
020 _a9780143027645
_c350.00
035 _aB-285032, B-218009, B_218005,B-218006
037 _bUBH (Vender)
082 _aN
100 _aBasu, Kunal
245 _aThe opium clerk /
_cby Kunal Basu
260 _aNew Delhi
_bPenguin Books
_c2001
270 _a11 Community Centre, Panchsheel Park
_bNew Delhi
_e110017
300 _a313p.
_c22cm. (pbk)
942 _2ddc
_cEN
_hN
_mBAS